000 00857nas a2200277 4500
001 BR2013009826
003 BR-BrBNA
005 20231205123334.0
007 ta
008 230509b bl.|||p| |||| 00| 00por d
040 _aBR-BrBNA
_bpor
_cBiblioteca Nacional de Agricultura
041 _a(Es)
072 _aU40
100 1 _aOrmazábal, Y.
100 1 _aÁvila, C.
100 1 _aMena, C.
100 1 _aMorales, Y.
100 1 _aBustos, O.
245 1 _aCaracterización y cuantificación de fragmentos de bosque nativo, en un sector del secano interior de la región del Maule, Chile
650 _aFLORESTA
650 _aSENSORIAMENTO REMOTO
650 _aCHILE
773 0 _tCiência Florestal (Brazil)
_xISSN 0103-9954
_g(Sep 2013), v. 23(3) p. 449-460
_wBR2013009826
909 _a202311
_bLúcia
_c55
_dLúcia Elande
942 _2AGRIS
_n0
_cANA
999 _c233399
_d233399